000 00385 a2200133 4500
000 nam a22 7a 4500
100 _aVeer Bala Rastogi
110 _aVeer Bala Rastogi
245 _aPARKER AND HASWELL TEXTBOOK OF ZOOLOGY VERTIBRATES & INVERTIBRATES
250 _alatest edition
260 _bMedtech Science Press
_c2026
264 _bMedtech Science Press
_c2026
942 _cBK
999 _c395158
_d395158